<?xml version="1.0" encoding="UTF-8"?>
<record
    xmlns:xsi="http://www.w3.org/2001/XMLSchema-instance"
    xsi:schemaLocation="http://www.loc.gov/MARC21/slim http://www.loc.gov/standards/marcxml/schema/MARC21slim.xsd"
    xmlns="http://www.loc.gov/MARC21/slim">

  <leader>01758nam a22001937b 4500</leader>
  <controlfield tag="005">20241002100743.0</controlfield>
  <controlfield tag="008">241002b        sa ||||| |||| 00| 1 eng d</controlfield>
  <datafield tag="020" ind1=" " ind2=" ">
    <subfield code="a">9781529049459</subfield>
    <subfield code="q">pbk</subfield>
  </datafield>
  <datafield tag="040" ind1=" " ind2=" ">
    <subfield code="a">RDA</subfield>
    <subfield code="c">OCLC</subfield>
  </datafield>
  <datafield tag="041" ind1=" " ind2=" ">
    <subfield code="2">E</subfield>
  </datafield>
  <datafield tag="082" ind1=" " ind2=" ">
    <subfield code="a">EF HOWA</subfield>
  </datafield>
  <datafield tag="100" ind1=" " ind2=" ">
    <subfield code="a">Howard, Elizabeth</subfield>
    <subfield code="9">189493</subfield>
  </datafield>
  <datafield tag="245" ind1=" " ind2=" ">
    <subfield code="a">Confusion</subfield>
    <subfield code="c">by Elizabeth Jane Howard</subfield>
  </datafield>
  <datafield tag="260" ind1=" " ind2=" ">
    <subfield code="a">London;</subfield>
    <subfield code="b">Pan Books;</subfield>
    <subfield code="c">2021.</subfield>
  </datafield>
  <datafield tag="300" ind1=" " ind2=" ">
    <subfield code="a">489 pages</subfield>
    <subfield code="c">20 cm</subfield>
  </datafield>
  <datafield tag="490" ind1=" " ind2=" ">
    <subfield code="a">The Cazalet Chronicles </subfield>
    <subfield code="v">Volume III</subfield>
  </datafield>
  <datafield tag="500" ind1=" " ind2=" ">
    <subfield code="a">he Cazalet Chronicles continues with the third in the series, Confusion, set in the height of the Second World War and where chaos has become a way of life for the Cazalet family.

It's 1942 and the dark days of war seem never-ending. Scattered across the still-peaceful Sussex countryside and air-raid-threatened London, the divided Cazalets begin to find the battle for survival echoing the confusion in their own lives.

Headstrong, independent Louise surprises the whole family when she abandons her dreams of being an actress and instead makes a society marriage. Polly and Clary, now in their late teens, finally fulfil their ambition of living together in London. But the reality of the city is not quite what they imagined, and Polly is struggling to come to terms with the death of her mother and manage her grieving father. Clary, meanwhile, is painfully aware that what she lacks in beauty she makes up for in intelligence, and is the only member of the family who believes that her father might not be dead.

With cover artwork exclusively designed by artist Luke Edward Hall, this is the heartbreaking and heartwarming third instalment of Elizabeth Jane Howard's bestselling series. It is followed by the fourth book, Casting Off.
</subfield>
  </datafield>
  <datafield tag="942" ind1=" " ind2=" ">
    <subfield code="2">ddc</subfield>
    <subfield code="c">BOOK</subfield>
    <subfield code="w">174</subfield>
    <subfield code="x">Sanet Schoeman</subfield>
    <subfield code="y">174</subfield>
    <subfield code="z">Sanet Schoeman</subfield>
  </datafield>
  <datafield tag="999" ind1=" " ind2=" ">
    <subfield code="c">768303</subfield>
    <subfield code="d">768302</subfield>
  </datafield>
  <datafield tag="952" ind1=" " ind2=" ">
    <subfield code="0">0</subfield>
    <subfield code="1">0</subfield>
    <subfield code="2">ddc</subfield>
    <subfield code="4">0</subfield>
    <subfield code="7">0</subfield>
    <subfield code="8">F</subfield>
    <subfield code="a">STANRL</subfield>
    <subfield code="b">MORGL</subfield>
    <subfield code="c">FIC</subfield>
    <subfield code="d">2024-10-02</subfield>
    <subfield code="g">357.08</subfield>
    <subfield code="l">0</subfield>
    <subfield code="o">EF HOWA</subfield>
    <subfield code="p">33228031152017</subfield>
    <subfield code="r">2024-10-02</subfield>
    <subfield code="w">2024-10-02</subfield>
    <subfield code="y">BOOK</subfield>
  </datafield>
</record>
